Vista normal
Vista MARC
- Khinchin, A. I︠A︡.
Entrada Personal Name
Número de registros utilizados en: 1
001 - CONTROL NUMBER
- control field: 27791
003 - CONTROL NUMBER IDENTIFIER
- control field: AR-MoUNM
005 - DATE AND TIME OF LATEST TRANSACTION
- control field: 20260318195709.0
008 - FIXED-LENGTH DATA ELEMENTS
- fixed length control field: 260318|| acz||aabn | a|a d
040 ## - CATALOGING SOURCE
- Original cataloging agency: AR-MoUNM
100 1# - HEADING--PERSONAL NAME
- Personal name: Khinchin, A. I︠A︡.
- Dates associated with a name: 1894-1959
- Fuller form of name: (Aleksandr I︠A︡kovlevich),
UNM ® 2018
Biblioteca UNM
Universidad Nacional de Moreno
Av. Bme. Mitre Nº 1891 (B1744OHC) Moreno
Provincia de Buenos Aires, República Argentina
(0237) 460-9300 (líneas rotativas)
(011) 2078-9170 (líneas rotativas)
biblioteca@unm.edu.ar
Universidad Nacional de Moreno
Av. Bme. Mitre Nº 1891 (B1744OHC) Moreno
Provincia de Buenos Aires, República Argentina
(0237) 460-9300 (líneas rotativas)
(011) 2078-9170 (líneas rotativas)
biblioteca@unm.edu.ar


